Normal view
MARC view
Entry Personal Name
001 - CONTROL NUMBER
- control field: 48722
003 - CONTROL NUMBER IDENTIFIER
- control field: ARRUPE
005 - DATE AND TIME OF LATEST TRANSACTION
- control field: 20191115125959.0
008 - FIXED-LENGTH DATA ELEMENTS
- fixed length control field: 191115|| aca||aabn | a|a d
040 ## - CATALOGING SOURCE
- Original cataloging agency: ARRUPE
- Transcribing agency: ARRUPE
100 ## - HEADING--PERSONAL NAME
- Personal name: Burrowes, Patrick C.
670 ## - SOURCE DATA FOUND
- Source citation: Work cat.: (ARRUPE): Burrowes, Patrick C., Liberia and quest for freedom, 2019